| 000 | 00556nam a22001937a 4500 | ||
|---|---|---|---|
| 003 | CEME | ||
| 005 | 20210628203733.0 | ||
| 008 | 210415b xxu||||| |||| 00| 0 eng d | ||
| 020 | _a0-471-54559-7 | ||
| 040 | _c. | ||
| 082 | _a621.3815 VAS'A | ||
| 100 |
_aVassos, Basil H , Ewing, Galen W _967092 |
||
| 245 | _aAnalog and computer electronics for scientist | ||
| 250 | _a4TH | ||
| 260 |
_aNEWYORK _bJOHN WILEY _c1993 |
||
| 300 | _aXIV,473P | ||
| 650 |
_aDIGITAL ELECTRONICS ANALOG ELECTRONIC SYSTEMS ELECTRONIC INSTRUMENTS _967093 |
||
| 942 |
_cBK _2ddc |
||
| 999 |
_c574942 _d574942 |
||